Films avec François-Xavier Demaison par image - Statistiques

Statistiques générales
  • Ce quiz a été pris 23 fois
    12 depuis la dernière actualisation
  • Le résultat moyen est 7 sur 16
Statistiques - réponses
Par images Réponse % Correct
Coluche : L'Histoire d'un mec
92%
All Inclusive
83%
Disco
75%
Divorce Club
75%
Le Petit Nicolas
67%
Neuilly sa mère !
58%
La Chance de ma vie
42%
Comme des frères
33%
Les Têtes de l'emploi
33%
Arrête ton cinéma !
17%
Le Temps des secrets
17%
L'Outsider
17%
Normandie nue
17%
Tout le monde debout
17%
La Syndicaliste
8%
Musée haut, musée bas
8%
Aucun quiz correspondant
Distribution des résultats
% des personnes avec chaque résultat
Percentile par nombre de réponses
Votre historique - résultats
Vous n’avez pas pris ce quiz depuis la dernière actualisation